000 00546nam a2200217Ia 4500
008 160803s9999 xx 000 0 und d
020 _a9780516233697
100 _aThompson, Luke
245 _aFloods /
245 _cLuke Thompson.
260 _aNew York :
260 _bScholastic Inc.
260 _c2000
300 _a48 pages :
300 _bcolor illustrations, color map ;
300 _c23 cm.
440 _aNatural disasters (Children's Press).
650 _aFloods --
650 _xJuvenile literature.
700 _a820
999 _c299044
_d299044